| 000 | 01717nas a2200433 i 4500 | ||
|---|---|---|---|
| 001 | 2797 | ||
| 003 | ES-MaACL | ||
| 005 | 20250801095625.0 | ||
| 007 | t| | ||
| 008 | 001211c1979 sp f| p | ||pa d | ||
| 022 | _a0210-6124 | ||
| 040 | _aES-MaACL | ||
| 080 | _a(460) | ||
| 080 | _a811.111 | ||
| 080 | _a821.111 | ||
| 245 | 0 | 0 |
_aAtlantis _b: revista de la Asociación Española de Estudios Anglo-Norteamericanos. |
| 260 |
_aMadrid : _bAsociación Española de Estudios Anglo-Norteamericanos, _c1979- |
||
| 300 |
_a13 v. ; _c24 cm. |
||
| 310 | _aSemestral | ||
| 362 | 1 | _aV. 1 n. 1 (jul. 1979)- | |
| 530 | _aVol. I-XXIII: Disponibles también en disco compacto. | ||
| 530 | _aDisponible también en formato digital. | ||
| 650 | 1 | 4 |
_aLingüística. Filología. _914477 |
| 650 | 0 | 4 |
_aLengua inglesa. _914266 |
| 650 | 0 | 7 |
_aLiteratura inglesa _2embne _914626 |
| 650 | 0 | 4 |
_aLiteratura norteamericana. _9143149 |
| 655 | 7 |
_2tgfbne _9226866 _aRevistas |
|
| 700 | 1 |
_aPérez Guerra, Javier. _9143150 |
|
| 710 | 2 |
_aAsociación Española de Estudios Anglo-Norteamericanos. _91654 |
|
| 740 | 0 |
_aAtlantis. _n: v. I-XXIII, _pCD-1 (2002) [ _hCD-ROM] |
|
| 776 |
_iVersión en línea _tAtlantis (1979) = _xISSN 0210-6124 _0196281 _w196281 |
||
| 852 | 4 |
_aES-MaACL _jHEM-1957 _92896 _cHEM _zRevista muerta _zAntiguo casillero: 217 _hDonación: Editorial |
|
| 852 | 4 |
_aES-MaACL _jROT 2/5/25 CD _cROT _92895 |
|
| 856 | 4 | 1 |
_uhttps://dialnet.unirioja.es/servlet/revista?codigo=176 _ySumarios de la revista en Dialnet. |
| 866 | 0 | _o1979-1982,1984-1987,1989,1991-1996(1997)1998-2017(2018)2019. Faltas: 1997 (n.2) 2018 (n.2) | |
| 942 |
_2udc _cPERIODICA |
||
| 955 | _bPilar Fernández Vera | ||
| 999 |
_c2797 _d2797 |
||